| 000 | 00603pam a2200217 a 4500 | ||
|---|---|---|---|
| 001 | 4259528 | ||
| 005 | 20180209073115.0 | ||
| 008 | 840626s1985 ctu b 001 0 eng | ||
| 010 | _a 84013193 | ||
| 020 | _a0300032951 (alk. paper) | ||
| 040 |
_aDLC _cDLC _dDLC |
||
| 041 | _aeng | ||
| 080 | _a338.9 | ||
| 082 | 0 | 0 |
_a338.9 STA _219 |
| 100 | 1 | _a54 | |
| 101 | _aMNG | ||
| 245 | 1 | 0 |
_aWhat is political economy? : _cMartin Staniland. |
| 504 | _aBibliography: p. 205-221. | ||
| 906 |
_a7 _bcbc _corignew _d1 _eocip _f19 _gy-gencatlg |
||
| 942 |
_2ddc _cBK |
||
| 999 |
_c42262 _d42262 |
||